000 00399nam a2200145Ia 4500
008 240624s9999 xx 000 0 und d
041 _aeng
082 _a658.4012 MEL
100 _aMELLO JEFFREY A
245 _aSTRATEGIC MANAGEMENT OF HUMAN RESOURCES
250 _a(3rd ed.)
260 _c2011
_aAustralia
_bSouth-Western Cengage Learning
300 _axix, : 688 : p. : cm. ; 25
365 _c
_b25
999 _c16793
_d16793